| 000 | 00698nam a2200277Ia 4500 | ||
|---|---|---|---|
| 008 | 160716s9999||||xx |||||||||||||| ||und|| | ||
| 040 | _cEnglish | ||
| 082 | _aXI.A/Blavatsky | ||
| 082 | _bBORI-52837 | ||
| 100 | _aH. P. Blavastsky | ||
| 245 | _aTeachers and Disciples | ||
| 260 | _bThe Theosophy Company | ||
| 300 | _a40 | ||
| 300 | _cB | ||
| 300 | _ePaperback | ||
| 530 | _bPatwardhan | ||
| 530 | _u00052837.pdf | ||
| 563 | _aStudy | ||
| 600 | _aH. P. Blavastsky | ||
| 630 | _aTeachers and Disciples | ||
| 650 | _a"Politics, History and Historiography" | ||
| 650 | _aGeneral Indology | ||
| 700 | _aH. P. Blavastsky | ||
| 730 | _aTeachers and Disciples | ||
| 942 | _cBOOK | ||
| 999 |
_c1396664 _d1396661 |
||